La instauració del franquisme al País Valencià

Saved in:
Bibliografiske detaljer
Hovedforfatter: Ginés i Sànchez, Andreu (Author, autor)
Format: eBog
Sprog:catalansk
Udgivet: [València] Publicacions de la Universitat de València 2010.
Serier:Història i memòria del franquisme
Fag:
Online adgang:https://elibro.unach.elogim.com/es/lc/unach/titulos/291917
Tags: Tilføj Tag
Ingen Tags, Vær først til at tagge denne postø!

MARC

LEADER 00000nam a2200000 i 4500
001 ELB291917
003 FINmELB
005 20251210040636.0
006 m o d |
007 cr cnu||||||||
008 260219s2010 sp o 000 0 cat d
020 |a 9788437083261  |q (ebook) 
020 |z 9788437078113 
035 |a (OCoLC)1574227948 
040 |a FINmELB  |b eng  |e rda  |c FINmELB 
050 4 |a DP270  |b .G567 2010 
080 |a 94(460.31)"1939/75" 
080 |a 329.18(460.31) 
082 0 4 |a 946.082  |2 23 
100 1 |a Ginés i Sànchez, Andreu  |e autor  |4 aut 
245 1 3 |a La instauració del franquisme al País Valencià  |c Andreu Ginés i Sànchez 
264 1 |a [València]  |b Publicacions de la Universitat de València  |c 2010. 
300 |a 1 recurso en línea 
336 |a texto  |b txt  |2 rdamedia/spa 
337 |a computadora  |b c  |2 rdamedia/spa 
338 |a recurso en línea  |b cr  |2 rdacarrier/spa 
490 1 |a Història i memòria del franquisme 
504 |a Bibliografía: páginas 368-380 
586 |a XXV Premi Ferran Soldevilla de Biografía, Memòries i Estudis Històrics, 2010 
588 |a Descripción basada en metadatos suministrados por el editor y otras fuentes. 
590 |a Recurso electrónico. Santa Fe, Arg.: elibro, 2026. Disponible vía World Wide Web. El acceso puede estar limitado para las bibliotecas afiliadas a elibro. 
650 4 |a Franquismo  |z Comunidad Valenciana 
651 4 |a Comunidad Valenciana  |x Historia  |y 1939-1975 
655 4 |a Libros electrónicos. 
797 2 |a elibro, Corp. 
830 0 |a Història i memòria del franquisme 
856 4 0 |u https://elibro.unach.elogim.com/es/lc/unach/titulos/291917